[Event "Kimry-ch"]
[Site "Kimry"]
[Date "2004.??.??"]
[Round "3"]
[White "Patsyk, Aleksandr"]
[Black "Terebenkov, Vladimir"]
[Result "0-1"]
[WhiteElo "2225"]
[BlackElo "2082"]
[PlyCount "31"]
[EventDate "2004.??.??"]
[EventType "swiss"]
[EventRounds "9"]
[EventCountry "RUS"]
[SourceTitle "EXT 2005"]
[Source "ChessBase"]
[SourceDate "2004.11.15"]
[SourceVersion "1"]
[SourceVersionDate "2004.11.15"]
[SourceQuality "1"]

1. e4 c5 2. Nf3 d6 3. d4 cxd4 4. Nxd4 Nf6 5. Nc3 a6 6. Be3 e5 7. Nb3 Be6 8. f3 Be7 9. Qd2 b5 10. a3 0-0 11. g4 d5 12. exd5 Nxd5 13. 0-0-0 Nxe3 14. Qxe3 Bg5 15. Rxd8 Bxe3+ 16. Kb1 0-1

[Event "Kimry-ch"]
[Site "Kimry"]
[Date "2004.??.??"]
[Round "7"]
[White "Terebenkov, Vladimir"]
[Black "Ulianov, Sergey"]
[Result "1-0"]
[WhiteElo "2082"]
[BlackElo "2087"]
[PlyCount "58"]
[EventDate "2004.??.??"]
[EventType "swiss"]
[EventRounds "9"]
[EventCountry "RUS"]
[SourceTitle "EXT 2005"]
[Source "ChessBase"]
[SourceDate "2004.11.15"]
[SourceVersion "1"]
[SourceVersionDate "2004.11.15"]
[SourceQuality "1"]

1. e4 g6 2. g3 Bg7 3. Bg2 d6 4. Ne2 e5 5. 0-0 Nf6 6. c3 0-0 7. d3 Nc6 8. h3 b6 9. f4 Bb7 10. f5 Ne7 11. g4 d5 12. g5 gxf5 13. gxf6 Bxf6 14. exf5 Kh8 15. d4 e4 16. Bf4 Rg8 17. Be5 Nc6 18. Bxf6+ Qxf6 19. Kh1 Rg7 20. Nf4 Qd6 21. Nh5 Rg3 22. Nxg3 Qxg3 23. Qg4 Qd3 24. Na3 Rg8 25. Qf4 Na5 26. Rad1 Qe2 27. Rd2 Qh5 28. Qe5+ Rg7 29. f6 Rg8 1-0